000 00442nam a2200157Ia 4500
008 240729s9999 xx 000 0 und d
022 _a1820-9289
245 0 _aSerbian Astronomical Journal
260 _aSerbia
260 _bAstronomical Observatory, Department of Astronomy, Belgrade
650 _a Astronomy
650 _aScience
856 _uhttps://doaj.org/toc/4edbf6a89a504239a83a05e944f31726
942 _2ddc
942 _cDOAJEJ
999 _c68263
_d68263
945 _a1
_bMadushi Gamage
_c1
_dMadushi Gamage